|
|
|
|
| LEADER |
00000nab a2200000 a 4500 |
| 001 |
vtls000531773 |
| 003 |
SK-MaSNL |
| 005 |
20260304172605.0 |
| 008 |
250526c1994 xo 0 slo |
| 015 |
|
|
|a SNBRB19rr/mm-uuuuu
|
| 035 |
|
|
|a CL0531911
|
| 035 |
|
|
|a urn:nbn:sk:snk-ab29q6
|
| 035 |
|
|
|a (urnnbn)urn:nbn:sk:snk:ar-a01zve
|
| 035 |
|
|
|a (uuid)82a734ba-859f-40ec-b95e-b4595b08af63
|
| 040 |
|
|
|a SNKBUCL
|b slo
|c SNKBUCL
|e AACR2
|
| 041 |
0 |
|
|a slo
|
| 044 |
|
|
|a xo
|c SK
|
| 080 |
|
|
|a 630 383(437.6):625.721
|2 1981
|
| 080 |
|
|
|a 625.721
|2 1981
|
| 080 |
|
|
|a 625.711.84
|2 1981
|
| 100 |
1 |
|
|a Klč, Pavel
|4 aut
|9 629378
|
| 245 |
1 |
0 |
|a Lesná dopravná sieť a potreba jej ekologizácie
|c Pavel Klč
|
| 300 |
|
|
|b Fotogr. 2, tab. 1
|
| 650 |
0 |
7 |
|a lesné cesty
|2 snkbucl
|9 85151
|
| 650 |
0 |
7 |
|a sieť dopravná lesná
|2 snkbucl
|9 994989
|
| 655 |
|
7 |
|a články z novín a časopisov
|2 snkbucl
|9 267496
|
| 773 |
0 |
|
|t Les
|g Roč. 50, č. 10 (1994), s. 3-5
|x 0323-0996
|
| 850 |
|
|
|a Slovenská národná knižnica
|
| 852 |
|
|
|a Slovenská národná knižnica
|
| 954 |
|
|
|a odborná, vedecká literatúra pôvodná (slovenská)
|2 lita
|
| 958 |
|
|
|a ONDV
|
| 958 |
|
|
|a article2022
|
| 958 |
|
|
|a RK
|
| 992 |
|
|
|a RBX
|
| 999 |
|
|
|c 2999345
|d 3001275
|